[Event "Moscow Aeroflot op-C"]
[Site "Moscow"]
[Date "2006.02.10"]
[Round "4"]
[White "Chudinovskih, Alexander N"]
[Black "Bilen, Bulent"]
[Result "1-0"]
[WhiteElo "2341"]
[BlackElo "2268"]
[PlyCount "103"]
[EventDate "2006.02.07"]
[EventType "swiss"]
[EventRounds "9"]
[EventCountry "RUS"]
[SourceTitle "EXT 2007"]
[Source "ChessBase"]
[SourceDate "2006.11.23"]
[SourceVersion "1"]
[SourceVersionDate "2006.11.23"]
[SourceQuality "1"]

1. e4 c6 2. Nc3 d5 3. Nf3 Bg4 4. h3 Bxf3 5. Qxf3 e6 6. d3 Nd7 7. a3 Bd6 8. g3 Ne7 9. Bg2 0-0 10. Qe2 Qb6 11. Nd1 Rae8 12. f4 a5 13. Nf2 f5 14. e5 Bb8 15. 0-0 a4 16. Rb1 Ba7 17. Bd2 Qa6 18. Kh2 c5 19. Nh1 b5 20. g4 d4 21. Ng3 g6 22. gxf5 Nxf5 23. Nxf5 gxf5 24. Rg1 Kh8 25. Qh5 Qc8 26. Bf3 c4 27. Rg5 Rg8 28. Rbg1 Rxg5 29. Qxg5 Rg8 30. Qxg8+ Qxg8 31. Rxg8+ Kxg8 32. Bc6 Nc5 33. Bxb5 cxd3 34. cxd3 Nb3 35. Be1 Nc1 36. Kg2 Bb6 37. Kf3 Kf7 38. Bb4 Bd8 39. Bc5 Nb3 40. Ba7 Be7 41. Bxa4 Bc5 42. Bxc5 Nxc5 43. Bc2 h5 44. b4 Nd7 45. a4 h4 46. a5 Ke7 47. Ba4 Nb8 48. b5 Kd8 49. a6 Nd7 50. Bb3 Ke7 51. Ke2 Nb6 52. Kd2 1-0

[Event "Moscow Aeroflot op-C"]
[Site "Moscow"]
[Date "2006.02.07"]
[Round "1"]
[White "Bilen, Bulent"]
[Black "Kaganskiy, Gleb"]
[Result "1/2-1/2"]
[WhiteElo "2268"]
[BlackElo "2353"]
[PlyCount "121"]
[EventDate "2006.02.07"]
[EventType "swiss"]
[EventRounds "9"]
[EventCountry "RUS"]
[SourceTitle "EXT 2007"]
[Source "ChessBase"]
[SourceDate "2006.11.23"]
[SourceVersion "1"]
[SourceVersionDate "2006.11.23"]
[SourceQuality "1"]

1. e4 c5 2. Nf3 Nc6 3. d4 cxd4 4. Nxd4 Nf6 5. Nc3 e5 6. Ndb5 d6 7. Bg5 a6 8. Na3 b5 9. Nd5 Be7 10. Bxf6 Bxf6 11. c3 0-0 12. Nc2 Bg5 13. a4 bxa4 14. Rxa4 a5 15. Bc4 Rb8 16. Ra2 Kh8 17. 0-0 f5 18. f3 Ne7 19. Kh1 Nxd5 20. Bxd5 fxe4 21. fxe4 Bg4 22. Qd3 Rxf1+ 23. Qxf1 Qf8 24. Kg1 Qd8 25. Qf2 Bd1 26. Ne3 Bxe3 27. Qxe3 Bb3 28. Bxb3 Rxb3 29. Qa7 h6 30. Qxa5 Qg5 31. Qd5 Qc1+ 32. Kf2 Rxb2+ 33. Rxb2 Qxb2+ 34. Kf1 Qxc3 35. Ke2 Qc2+ 36. Kf3 Qc1 37. Kg4 Qf4+ 38. Kh3 h5 39. g3 Qf1+ 40. Kh4 Qf3 41. h3 Kh7 42. Qxd6 Qxe4+ 43. g4 hxg4 44. hxg4 Qf4 45. Qd3+ e4 46. Qe2 Kh6 47. Kh3 g6 48. Kh4 e3 49. Kh3 Qe5 50. Kg2 Qd5+ 51. Kg3 Qe5+ 52. Kg2 Qe4+ 53. Kg3 Qd4 54. Qh2+ Kg7 55. Kf3 Qc5 56. Qb2+ Kh7 57. Qh2+ Kg7 58. Qb2+ Kf7 59. Qb3+ Kf6 60. Qxe3 Qxe3+ 61. Kxe3 1/2-1/2